| 000 | 00351 a2200157 4500 | ||
|---|---|---|---|
| 001 | 150596 | ||
| 040 | _cEscola São Tomás de Aquino | ||
| 100 | _aCOELHO, Luísa | ||
| 240 | 1 | 0 |
_aPetro bom de bola _lpor |
| 245 | 1 | 0 | _aPetro bom de bola |
| 300 | _a28 | ||
| 362 | 0 | _a2010 | |
| 440 | 1 | _aRHJ | |
| 697 | _aEducação Física / Esporte | ||
| 942 | _cBK | ||
| 999 |
_c150596 _d150596 |
||